Curso de contabilidad (Registro nro. 1670)
[ vista simple ]
| 000 -LEADER | |
|---|---|
| fixed length control field | 01886 a2200229 4500 |
| 001 - CONTROL NUMBER | |
| control field | 28196 |
| 005 - DATE AND TIME OF LATEST TRANSACTION | |
| control field | 20260407155554.0 |
| 008 - FIXED-LENGTH DATA ELEMENTS--GENERAL INFORMATION | |
| fixed length control field | 260407a1963 arg spa d |
| 003 - CONTROL NUMBER IDENTIFIER | |
| control field | AR-UNSa-BCEJYS |
| 040 ## - CATALOGING SOURCE | |
| Original cataloging agency | AR-UNSa-BCEJYS |
| Language of cataloging | spa |
| Transcribing agency | AR-UNSa-BCEJYS |
| 080 ## - UNIVERSAL DECIMAL CLASSIFICATION NUMBER | |
| Universal Decimal Classification number | 657 |
| Common auxiliary subdivision | Contabilidad |
| 100 1# - MAIN ENTRY--PERSONAL NAME | |
| Personal name | Finney, H.A. |
| 245 10 - TITLE STATEMENT | |
| Title | Curso de contabilidad |
| Name of part/section of a work | Introducción |
| 250 ## - EDITION STATEMENT | |
| Edition statement | 2a. ed |
| 264 #1 - PRODUCTION, PUBLICATION, DISTRIBUTION, MANUFACTURE, AND COPYRIGHT NOTICE | |
| Place of production, publication, distribution, manufacture | México : |
| Name of producer, publisher, distributor, manufacturer | Unión Tipográfica Editorial Hispano-Americana (UTEHA) |
| Date of production, publication, distribution, manufacture, or copyright notice | 1963 |
| 300 ## - PHYSICAL DESCRIPTION | |
| Extent | 2v.(818; 510 p.) |
| Dimensions | 23 cm. |
| 505 ## - FORMATTED CONTENTS NOTE | |
| Formatted contents note | Vol. I: Teoría y preguntas y problemas: 1. Activo, pasivo y capital - 2. Procedimientos básicos para la contabilidad - 3. Cambios en el capital. Cierre de libros - 4. Ajustes por gastos e ingresos acumulados. Hojas de trabajo - 5. Ajustes por ingresos y gastos diferidos. Hojas de trabajo (continuación) - 6. Operaciones con mercancías - 7. Diversos aspectos de operación - 8. Organización de los estados y del mayor. Estados clasificados - 9. Pagarés y aceptaciones - 10. Libros de registro original. Cuentas de control - 11. Empresas individuales. Sociedades en nombre colectivo - 12. Sociedades anónimas - 13. Sociedades anónimas (conclusión) - 14. El sistema de comprobantes - 15. El efectivo - 16. Cuentas por cobrar e inversiones - 17. Contabilización del inventario - 18. Activo fijo - 19. Pasivo - 20. Operaciones de producción - 21. Contabilidad de costos - 22. Principios contables - 23. El análisis de los estados financieros - 24. El estado de aplicación de fondos - 25. La contabilidad, instrumento de la administración - 26. Operaciones departamentales - 27. Consignaciones. Ventas en abonos. Sucursales - 28. Estados consolidados - Vol. II: Soluciones a los problemas y respuestas a las preguntas. |
| 590 ## - LOCAL NOTE (RLIN) | |
| Local note | niveau_biblio:m niveau_hierar:0 |
| 700 1# - ADDED ENTRY--PERSONAL NAME | |
| Personal name | Miller, Herbert E. |
| 700 1# - ADDED ENTRY--PERSONAL NAME | |
| Personal name | Vasquez Prada, Julian |
| 942 ## - ADDED ENTRY ELEMENTS (KOHA) | |
| Koha item type | |
| Withdrawn status | Lost status | Damaged status | Not for loan | Home library | Current library | Shelving location | Date acquired | Total checkouts | Full call number | Barcode | Date last seen | Price effective from | Koha item type |
|---|---|---|---|---|---|---|---|---|---|---|---|---|---|
| Biblioteca Prof. Eusebio Cleto del Rey | Biblioteca Prof. Eusebio Cleto del Rey | 07/04/2026 | 657 B582 v.1 2ed. | L22352 | 07/04/2026 | 07/04/2026 | Libro | ||||||
| Biblioteca Prof. Eusebio Cleto del Rey | Biblioteca Prof. Eusebio Cleto del Rey | 07/04/2026 | 657 B582 v.1 2ed. | L24546 | 07/04/2026 | 07/04/2026 | Libro | ||||||
| Biblioteca Prof. Eusebio Cleto del Rey | Biblioteca Prof. Eusebio Cleto del Rey | 07/04/2026 | 657 B582 v.2 2ed. | L22353 | 07/04/2026 | 07/04/2026 | Libro | ||||||
| Biblioteca Prof. Eusebio Cleto del Rey | Biblioteca Prof. Eusebio Cleto del Rey | 07/04/2026 | 657 B582 v.2 2ed. | L24547 | 07/04/2026 | 07/04/2026 | Libro |